[Event "SR 2. liga A 2011/2012"]
[Site "?"]
[Date "2011.10.08"]
[Round "5.1"]
[White "Rohacek, Miroslav"]
[Black "Banas, Kamil"]
[Result "0-1"]
[WhiteElo "2297"]
[BlackElo "2222"]
[PlyCount "82"]
[EventDate "2011.??.??"]
[WhiteTeam "Slovakia"]
[BlackTeam "Slovakia"]
[WhiteTeamCountry "SVK"]
[BlackTeamCountry "SVK"]

1. e4 c5 2. Nf3 e6 3. b3 a6 4. Bb2 Nc6 5. Qe2 d6 6. g3 e5 7. Bg2 g6 8. O-O Bg7
9. c3 Nge7 10. Rd1 Bg4 11. h3 Bxf3 12. Bxf3 O-O 13. Na3 f5 14. d3 Kh8 15. Nc2
Qc7 16. Bg2 Rf7 17. d4 cxd4 18. cxd4 fxe4 19. d5 Na7 20. Bxe4 Raf8 21. Rf1 Nf5
22. Kg2 Nb5 23. Qd3 Qb6 24. h4 Nxh4+ 25. gxh4 Rxf2+ 26. Kh3 R8f4 27. Ne3 Rxb2
28. Nc4 Qd8 29. Rxf4 exf4 30. Nxb2 Bxb2 31. Rg1 Qc8+ 32. Kh2 Be5 33. Kh1 Nd4
34. h5 f3 35. Qf1 f2 36. Rg5 Ne2 37. Bf5 Ng3+ 38. Rxg3 Qxf5 39. Kg2 Bxg3 40.
Kxg3 Qe5+ 41. Kf3 Qe1 0-1

[Event "SR 2. liga A 2011/2012"]
[Site "?"]
[Date "2011.10.08"]
[Round "5.2"]
[White "Matejovic, Juraj"]
[Black "Kovac, Andrej"]
[Result "0-1"]
[WhiteElo "2243"]
[BlackElo "2154"]
[PlyCount "110"]
[EventDate "2011.??.??"]
[WhiteTeam "Slovakia"]
[BlackTeam "Slovakia"]
[WhiteTeamCountry "SVK"]
[BlackTeamCountry "SVK"]

1. e4 e6 2. d4 d5 3. Nd2 a6 4. exd5 exd5 5. Bd3 c5 6. Qe2+ Be7 7. dxc5 Nf6 8.
Nb3 O-O 9. Bg5 Re8 10. O-O-O Nbd7 11. Nf3 Bf8 12. Qd2 Nxc5 13. Rhe1 Nxd3+ 14.
Qxd3 Be6 15. Nbd4 Rc8 16. Re2 Qc7 17. Nd2 Nd7 18. Rde1 Nc5 19. Qc3 b5 20. h3 b4
21. Qf3 a5 22. Kb1 a4 23. Bf4 Qb6 24. Be5 Nd7 25. Qd3 Nxe5 26. Rxe5 Bd6 27.
R5e2 Bc5 28. N2f3 Bd7 29. Rxe8+ Rxe8 30. Rxe8+ Bxe8 31. c3 bxc3 32. Qxc3 h6 33.
Kc1 Bd7 34. a3 Bd6 35. Kd2 Bf4+ 36. Ke2 Qa6+ 37. Qd3 Qb6 38. Qc3 Qa6+ 39. Ke1
Qg6 40. g3 Qe4+ 41. Kd1 Qb1+ 42. Ke2 Bc1 43. Ne5 Bxh3 44. Nd3 Bf1+ 45. Kxf1
Bd2+ 46. Ke2 Bxc3 47. bxc3 Qa2+ 48. Kd1 Qxa3 49. Kd2 Qa2+ 50. Nc2 g5 51. g4 a3
52. Ndb4 Qb3 53. Na1 Qb2+ 54. Nbc2 Kg7 55. f3 Kg6 0-1

[Event "SR 2. liga A 2011/2012"]
[Site "?"]
[Date "2011.10.08"]
[Round "5.3"]
[White "Kralovic, Andrej"]
[Black "Federic, Pavol"]
[Result "1/2-1/2"]
[WhiteElo "2172"]
[BlackElo "2219"]
[PlyCount "97"]
[EventDate "2011.??.??"]
[WhiteTeam "Slovakia"]
[BlackTeam "Slovakia"]
[WhiteTeamCountry "SVK"]
[BlackTeamCountry "SVK"]

1. e4 e5 2. Nf3 Nc6 3. Bb5 a6 4. Bxc6 dxc6 5. O-O Qd6 6. Na3 b5 7. c3 c5 8. Nc2
Bg4 9. h3 Bh5 10. a4 Rd8 11. axb5 axb5 12. Qe2 c6 13. Ra6 Nf6 14. d4 exd4 15.
cxd4 Qe6 16. Re1 Qc8 17. e5 Nd5 18. Ra7 Be7 19. e6 O-O 20. g4 Bg6 21. exf7+
Bxf7 22. Rxe7 Nxe7 23. Qxe7 Bb3 24. Ng5 Rde8 25. Qxc5 Bd5 26. Rxe8 Qxe8 27. Ne3
h6 28. Bd2 hxg5 29. Nxd5 cxd5 30. Qxd5+ Qf7 31. Qxf7+ Rxf7 32. Bxg5 Rf3 33. Kg2
Rd3 34. Be3 b4 35. Kf3 Rb3 36. Ke4 Rxb2 37. Kd3 Kf7 38. h4 Ke6 39. Kc4 Rb1 40.
d5+ Kd7 41. Bd4 g6 42. h5 gxh5 43. gxh5 b3 44. h6 b2 45. Kb3 Rh1 46. Bxb2 Rxh6
47. Be5 Rh3+ 48. Kc4 Rf3 49. Bg3 1/2-1/2

[Event "SR 2. liga A 2011/2012"]
[Site "?"]
[Date "2011.10.08"]
[Round "5.4"]
[White "Skara, Vladimir"]
[Black "Kimerling, Martin"]
[Result "1/2-1/2"]
[WhiteElo "2219"]
[BlackElo "2015"]
[PlyCount "125"]
[EventDate "2011.??.??"]
[WhiteTeam "Slovakia"]
[BlackTeam "Slovakia"]
[WhiteTeamCountry "SVK"]
[BlackTeamCountry "SVK"]

1. e4 c5 2. Nf3 Nc6 3. Nc3 g6 4. d4 cxd4 5. Nxd4 Bg7 6. Be3 Nf6 7. Bc4 d6 8.
Qd2 O-O 9. f3 a6 10. g4 Qc7 11. Bb3 Ne5 12. g5 Nh5 13. Nd5 Qd8 14. O-O-O e6 15.
Nc3 Qc7 16. Qe2 b5 17. f4 Nc4 18. Ncxb5 axb5 19. Nxb5 Bxb2+ 20. Kb1 Na3+ 21.
Kxb2 Qa5 22. Nxa3 Qxa3+ 23. Kb1 Ba6 24. Qd2 Bb7 25. Qxd6 Bxe4 26. Qxa3 Rxa3 27.
Rhe1 Ra6 28. Rd7 Bc6 29. Rc7 Rb8 30. Rd1 Ng7 31. Rd6 Nf5 32. Rcxc6 Rxc6 33.
Rxc6 Nxe3 34. a4 Nd5 35. Rc4 Kf8 36. Kc1 Ke7 37. Kd2 Rd8 38. Ke2 Kd6 39. a5 Ra8
40. Rd4 Kc5 41. Bxd5 Rxa5 42. Rc4+ Kxd5 43. Rc7 Ra3 44. Kf2 Ra2 45. Kg3 Ke4 46.
h3 Ra3+ 47. Kg4 Ra2 48. c4 Rg2+ 49. Kh4 Kxf4 50. Rxf7+ Ke5 51. Rxh7 Rc2 52. Rc7
Kd6 53. Rc8 Kd7 54. Rf8 Rxc4+ 55. Kg3 Kd6 56. Rf6 Rc3+ 57. Kg4 Rc4+ 58. Rf4 Rc1
59. h4 Ke5 60. Rf6 Rc4+ 61. Kg3 Rc3+ 62. Kf2 Rc2+ 63. Kg3 1/2-1/2

[Event "SR 2. liga A 2011/2012"]
[Site "?"]
[Date "2011.10.08"]
[Round "5.5"]
[White "Padysak, Tomas"]
[Black "Mydlarik, Martin"]
[Result "1/2-1/2"]
[WhiteElo "2025"]
[BlackElo "2136"]
[PlyCount "138"]
[EventDate "2011.??.??"]
[WhiteTeam "Slovakia"]
[BlackTeam "Slovakia"]
[WhiteTeamCountry "SVK"]
[BlackTeamCountry "SVK"]

1. e4 e6 2. d3 d5 3. Nd2 Nf6 4. Ngf3 Bc5 5. e5 Nfd7 6. c3 Be7 7. Qe2 b6 8. g3
Ba6 9. c4 Nc6 10. Bg2 Nb4 11. O-O Bb7 12. a3 Na6 13. b4 c5 14. b5 Nc7 15. a4
O-O 16. Re1 f5 17. h4 Re8 18. Nf1 Nf8 19. Ng5 h6 20. Nh3 a6 21. Bd2 Qd7 22. h5
Red8 23. g4 Ra7 24. a5 axb5 25. axb6 Rxa1 26. Rxa1 Ra8 27. Rb1 Na6 28. cxb5 Nb4
29. d4 Ra2 30. gxf5 exf5 31. Qf3 Qxb5 32. dxc5 Bxc5 33. Qxf5 Qd3 34. Qxd3 Nxd3
35. Be3 Be7 36. Nf4 Nxe5 37. Nxd5 Bd6 38. Nc3 Rc2 39. Bxb7 Rxc3 40. Bd5+ Kh7
41. Be4+ Kg8 42. Rd1 Nf7 43. Bd5 Bb8 44. b7 Rc7 45. Bf4 Rxb7 46. Bxb7 Bxf4 47.
Bd5 Nh7 48. Ra1 Nhg5 49. Ra8+ Kh7 50. Bxf7 Nxf7 51. Rf8 Ng5 52. Kg2 Bd6 53. Rd8
Bf4 54. Rd7 Kg8 55. Ne3 Be5 56. Nf5 Bf6 57. Rb7 Kf8 58. Kg3 Ne6 59. Kf3 Ng5+
60. Ke3 Ne6 61. Ra7 Nc5 62. Rc7 Ne6 63. Rb7 Nc5 64. Ra7 Bb2 65. Nd4 Bc1+ 66.
Kf3 Bb2 67. Nf5 Bf6 68. Kf4 Nd3+ 69. Kf3 Nc5 1/2-1/2

[Event "SR 2. liga A 2011/2012"]
[Site "?"]
[Date "2011.10.08"]
[Round "5.6"]
[White "Kundrak, Vladimir"]
[Black "Sebo, Viktor"]
[Result "1/2-1/2"]
[WhiteElo "1957"]
[BlackElo "1924"]
[PlyCount "81"]
[EventDate "2011.??.??"]
[WhiteTeam "Slovakia"]
[BlackTeam "Slovakia"]
[WhiteTeamCountry "SVK"]
[BlackTeamCountry "SVK"]

1. b3 e5 2. Bb2 Nc6 3. e3 d5 4. Bb5 Bd6 5. Nf3 Bg4 6. h3 Bxf3 7. Qxf3 Nf6 8.
Nc3 a6 9. Bxc6+ bxc6 10. Ne2 Qd7 11. Ng3 e4 12. Qe2 Qe6 13. Nh5 Nxh5 14. Qxh5
g6 15. Qg5 O-O 16. O-O-O f6 17. Qh4 Be5 18. f4 Bxb2+ 19. Kxb2 c5 20. Qf2 Qe7
21. h4 h6 22. g4 a5 23. f5 g5 24. hxg5 hxg5 25. Qh2 Qg7 26. Qh6 Kf7 27. Qh5+
Ke7 28. Qh7 Kf7 29. Rh2 Rh8 30. Qxg7+ Kxg7 31. Rdh1 Rxh2 32. Rxh2 Rb8 33. Ka3
Ra8 34. Ka4 Rb8 35. a3 c4 36. bxc4 dxc4 37. Kxa5 Rb2 38. c3 Rb6 39. Rh1 Kg8 40.
Rh2 Kg7 41. Rh1 1/2-1/2

[Event "SR 2. liga A 2011/2012"]
[Site "?"]
[Date "2011.10.08"]
[Round "5.7"]
[White "Sklars, Tomas"]
[Black "Sustak, Roman"]
[Result "0-1"]
[WhiteElo "1898"]
[BlackElo "1971"]
[PlyCount "104"]
[EventDate "2011.??.??"]
[WhiteTeam "Slovakia"]
[BlackTeam "Slovakia"]
[WhiteTeamCountry "SVK"]
[BlackTeamCountry "SVK"]

1. e4 e6 2. d4 d5 3. Nc3 Nf6 4. e5 Nfd7 5. f4 c5 6. Nf3 Nc6 7. Be3 cxd4 8. Nxd4
Bb4 9. Qd2 Nc5 10. Bd3 Nxd3+ 11. Qxd3 Bd7 12. a3 Be7 13. O-O a6 14. Nf3 Rc8 15.
Qd2 Qc7 16. Qf2 Na5 17. Bb6 Qc4 18. Nd2 Qc6 19. Kh1 Nc4 20. Nxc4 Qxc4 21. Rad1
O-O 22. Rd3 f6 23. Qe2 fxe5 24. fxe5 Rxf1+ 25. Qxf1 Rf8 26. Qe2 Rf4 27. Be3 Rf5
28. Bd4 Be8 29. h3 Bg6 30. Rd1 Qc6 31. Kg1 Bc5 32. Qe3 Be7 33. Qe2 Bh4 34. g4
Rf8 35. Rd2 Be7 36. Nd1 Bc5 37. c3 Be7 38. Nf2 Qc7 39. Kg2 Bg5 40. Rd1 Qf7 41.
Be3 Bh4 42. Rd4 Qc7 43. Bf4 Bb1 44. Qe3 Be7 45. b4 Bg6 46. Nd1 Be4+ 47. Kg1 Bh4
48. Nf2 g5 49. Nxe4 gxf4 50. Qf3 dxe4 51. Rxe4 Bg3 52. c4 Qd7 0-1

[Event "SR 2. liga A 2011/2012"]
[Site "?"]
[Date "2011.10.08"]
[Round "5.8"]
[White "Soldan, Jan"]
[Black "Rozarova, Katarina"]
[Result "1-0"]
[WhiteElo "1834"]
[BlackElo "1651"]
[PlyCount "67"]
[EventDate "2011.??.??"]
[WhiteTeam "Slovakia"]
[BlackTeam "Slovakia"]
[WhiteTeamCountry "SVK"]
[BlackTeamCountry "SVK"]

1. e4 c5 2. Nf3 d6 3. d4 cxd4 4. Nxd4 Nf6 5. Nc3 a6 6. Be3 e5 7. Nb3 Be7 8. f3
Be6 9. Bd3 O-O 10. g4 d5 11. exd5 Nxd5 12. Nxd5 Bxd5 13. Qe2 Nc6 14. O-O-O Qc7
15. Bxh7+ Kxh7 16. Rxd5 Nb4 17. Rd2 Nxa2+ 18. Kb1 Nb4 19. Rhd1 Rfd8 20. c3 Nc6
21. Qc4 Kg8 22. g5 b5 23. Qe4 b4 24. cxb4 Rxd2 25. Bxd2 Rb8 26. Rc1 Rc8 27. Na5
Qd7 28. Nxc6 Rxc6 29. Rxc6 Qxd2 30. Rc8+ Bf8 31. g6 Qd1+ 32. Rc1 Qd7 33. gxf7+
Qxf7 34. Qc4 1-0

[Event "SR 2. liga A 2011/2012"]
[Site "?"]
[Date "2011.10.08"]
[Round "6.1"]
[White "Kleman, Miroslav"]
[Black "Peitl, Tomas"]
[Result "0-1"]
[WhiteElo "2230"]
[BlackElo "2214"]
[PlyCount "65"]
[EventDate "2011.??.??"]
[WhiteTeam "Slovakia"]
[BlackTeam "Slovakia"]
[WhiteTeamCountry "SVK"]
[BlackTeamCountry "SVK"]

1. a3 c5 2. g3 Nc6 3. Bg2 g6 4. e3 Bg7 5. Ne2 d5 6. d3 Nh6 7. Nd2 O-O 8. Rb1 e5
9. b4 Qd6 10. c4 Be6 11. bxc5 Qd7 12. cxd5 Bxd5 13. Bxd5 Qxd5 14. Ne4 Rad8 15.
O-O f5 16. N2c3 Qxd3 17. Qb3+ Kh8 18. Rd1 Qa6 19. Nd6 Na5 20. Qe6 Nc4 21. Rb4
Nxd6 22. Rxd6 Rxd6 23. Qxd6 Qxd6 24. cxd6 b6 25. Rc4 Nf7 26. d7 Rd8 27. Rc7 e4
28. Nb5 a6 29. Na7 Be5 30. Rb7 Nd6 31. Rxb6 Rxd7 32. Nc6 Nc4 33. Rb1 0-1

[Event "SR 2. liga A 2011/2012"]
[Site "?"]
[Date "2011.10.08"]
[Round "6.2"]
[White "Bezuch, Martin"]
[Black "Tepper, Frantisek"]
[Result "1-0"]
[WhiteElo "2210"]
[BlackElo "2163"]
[PlyCount "55"]
[EventDate "2011.??.??"]
[WhiteTeam "Slovakia"]
[BlackTeam "Slovakia"]
[WhiteTeamCountry "SVK"]
[BlackTeamCountry "SVK"]

1. e4 Nf6 2. d3 e5 3. Nf3 Nc6 4. g3 Bc5 5. Bg2 d6 6. O-O O-O 7. c3 a6 8. h3 h6
9. a4 Re8 10. b4 Ba7 11. Nh4 Ne7 12. Qf3 Nh7 13. Kh2 c6 14. Na3 Ng6 15. Nf5 Qf6
16. Nc4 Bxf5 17. Qxf5 Rad8 18. Ne3 Ne7 19. Qh5 Qg6 20. Qe2 d5 21. exd5 cxd5 22.
Ng4 f6 23. b5 h5 24. Ne3 d4 25. Nc4 dxc3 26. b6 Bb8 27. Be4 Qf7 28. Bxb7 1-0

[Event "SR 2. liga A 2011/2012"]
[Site "?"]
[Date "2011.10.08"]
[Round "6.3"]
[White "Certek, Pavel"]
[Black "Sosovicka, Juraj"]
[Result "1/2-1/2"]
[WhiteElo "2322"]
[BlackElo "2198"]
[PlyCount "109"]
[EventDate "2011.??.??"]
[WhiteTeam "Slovakia"]
[BlackTeam "Slovakia"]
[WhiteTeamCountry "SVK"]
[BlackTeamCountry "SVK"]

1. c4 e5 2. g3 Nf6 3. Bg2 d5 4. cxd5 Nxd5 5. Nc3 Nb6 6. Nf3 Nc6 7. O-O Be7 8.
d3 O-O 9. Nd2 Be6 10. Bxc6 bxc6 11. Nf3 f6 12. Be3 Nd5 13. Qc1 Bg4 14. Ne4 Bxf3
15. exf3 Nxe3 16. Qxe3 Qd5 17. Rfd1 Rfd8 18. b3 Ba3 19. Nc3 Qd6 20. Na4 a5 21.
Rd2 Rab8 22. Rad1 Qd4 23. Rc2 Qxe3 24. fxe3 Rd6 25. Kf2 Kf7 26. Ke2 Rbd8 27.
Nb2 Bxb2 28. Rxb2 Rd5 29. Rc2 R8d6 30. Rc4 Ke7 31. h4 Kd7 32. e4 Rd4 33. f4
exf4 34. gxf4 g6 35. Ke3 Rxc4 36. bxc4 c5 37. Rb1 Rb6 38. Rb5 Rxb5 39. cxb5 h6
40. Kf3 Ke7 41. Kg4 Kf7 42. a4 Ke7 43. f5 g5 44. hxg5 hxg5 45. e5 fxe5 46. Kxg5
Kf7 47. f6 e4 48. dxe4 c4 49. Kf4 Kxf6 50. e5+ Ke6 51. Ke4 c3 52. Kd3 c2 53.
Kxc2 Kxe5 54. Kc3 Kd5 55. Kd3 1/2-1/2

[Event "SR 2. liga A 2011/2012"]
[Site "?"]
[Date "2011.12.04"]
[Round "6.3"]
[White "Duben, Igor"]
[Black "Janecek, Jan"]
[Result "1-0"]
[WhiteElo "2171"]
[BlackElo "1956"]
[PlyCount "171"]
[EventDate "2011.??.??"]
[WhiteTeam "Slovakia"]
[BlackTeam "Slovakia"]
[WhiteTeamCountry "SVK"]
[BlackTeamCountry "SVK"]

1. Nf3 d5 2. d4 Nf6 3. g3 e6 4. Bg2 Be7 5. O-O O-O 6. c4 c6 7. Nc3 Nbd7 8. b3
Kh8 9. Qc2 Ng8 10. e4 dxe4 11. Nxe4 f6 12. Be3 Re8 13. Rad1 Nf8 14. Nc3 Qa5 15.
Ne2 Rd8 16. Rfe1 Qh5 17. Nf4 Qf7 18. Bc1 Bb4 19. Bd2 Bxd2 20. Rxd2 Ne7 21. Qc3
Neg6 22. Nd3 b6 23. Rde2 Bb7 24. Re3 Re8 25. Nd2 Rad8 26. b4 Qd7 27. Nb3 Ne7
28. Bh3 Nf5 29. Bxf5 exf5 30. Nf4 Rxe3 31. Qxe3 Kg8 32. Qe7 Qxe7 33. Rxe7 Rd7
34. Rxd7 Nxd7 35. Ne6 Ba8 36. Nc7 Bb7 37. Ne8 g6 38. Nd6 Ba8 39. a4 Kf8 40. f4
a6 41. Kf2 Ke7 42. c5 Ke6 43. a5 b5 44. Ke3 Kd5 45. Kd3 Ke6 46. Nd2 Nf8 47. Nf1
Kd7 48. Ne3 Ne6 49. h4 Nc7 50. h5 Ke6 51. hxg6 hxg6 52. Ke2 Ke7 53. Ng2 Nd5 54.
Nc8+ Ke6 55. Nb6 Bb7 56. Nxd5 Kxd5 57. Kd3 Bc8 58. Ne3+ Ke6 59. Ke2 Bd7 60. Kd3
Be8 61. Kc3 Bd7 62. Kd3 Be8 63. d5+ cxd5 64. Kd4 Bc6 65. Nc2 Kd7 66. Ke3 Bb7
67. Nd4 Ba8 68. Kf3 Bb7 69. Kg2 Ba8 70. Kf2 Bb7 71. Ke3 Ba8 72. Nf3 Ke6 73. Nh4
g5 74. Nf3 gxf4+ 75. gxf4 d4+ 76. Nxd4+ Kd5 77. Kd3 Bb7 78. Nxf5 Ke6 79. Ne3 f5
80. Kd4 Bc6 81. Nc2 Be4 82. Ne1 Bd5 83. Nd3 Bc6 84. Ne5 Bb7 85. c6 Bc8 86. Kc5
1-0

[Event "SR 2. liga A 2011/2012"]
[Site "?"]
[Date "2011.10.08"]
[Round "6.4"]
[White "Oprea, Erik"]
[Black "Fabry, Robert"]
[Result "0-1"]
[WhiteElo "2135"]
[BlackElo "2177"]
[PlyCount "88"]
[EventDate "2011.??.??"]
[WhiteTeam "Slovakia"]
[BlackTeam "Slovakia"]
[WhiteTeamCountry "SVK"]
[BlackTeamCountry "SVK"]

1. d4 Nf6 2. c4 e6 3. Nc3 d5 4. c5 Be7 5. b4 O-O 6. e3 Nbd7 7. Bd3 Ne8 8. f4 c6
9. Nf3 f6 10. a4 e5 11. Qb3 Kh8 12. e4 exd4 13. Nxd4 dxe4 14. Be3 Nxc5 15. bxc5
Bxc5 16. Be2 Bxd4 17. Rd1 c5 18. Qa3 Nc7 19. Bxd4 cxd4 20. Rxd4 Bd7 21. O-O Ne6
22. Rd6 Qc8 23. Rfd1 Bc6 24. g3 Nc7 25. Qc5 a6 26. Bc4 Qe8 27. Qd4 Qe7 28. Qc5
Rfe8 29. Qh5 Rad8 30. Rxd8 Rxd8 31. Rxd8+ Qxd8 32. Qf7 b5 33. axb5 Nxb5 34.
Nxb5 axb5 35. Be2 h6 36. Bg4 Qd5 37. Qf8+ Kh7 38. Qc8 h5 39. Be6 Qc5+ 40. Kg2
e3+ 41. Kh3 Kg6 42. f5+ Kg5 43. Qg8 Qe7 44. Qb8 Qb4 0-1

[Event "SR 2. liga A 2011/2012"]
[Site "?"]
[Date "2011.10.08"]
[Round "6.5"]
[White "Mikulas, Dusan"]
[Black "Szollos, Ondrej"]
[Result "1-0"]
[WhiteElo "2142"]
[BlackElo "2051"]
[PlyCount "101"]
[EventDate "2011.??.??"]
[WhiteTeam "Slovakia"]
[BlackTeam "Slovakia"]
[WhiteTeamCountry "SVK"]
[BlackTeamCountry "SVK"]

1. e4 c6 2. d4 d6 3. f4 Qc7 4. Nf3 Bg4 5. h3 Bxf3 6. Qxf3 Nd7 7. Bd3 e5 8. fxe5
dxe5 9. O-O Ngf6 10. c3 Qb6 11. Qf2 Be7 12. Be3 Qc7 13. Nd2 O-O-O 14. Nb3 Nc5
15. Nxc5 Bxc5 16. Bc2 Bb6 17. Rad1 Rhf8 18. Kh1 Nd7 19. b4 f6 20. a4 a6 21. a5
Ba7 22. Bb3 exd4 23. cxd4 Qd6 24. Qd2 g5 25. Rc1 Bb8 26. Bg1 Bc7 27. Qc3 g4 28.
d5 gxh3 29. Qxh3 Rg8 30. dxc6 bxc6 31. Bxg8 Rxg8 32. Bh2 Qxh2+ 33. Qxh2 Bxh2
34. Kxh2 Kc7 35. Kh3 Rg6 36. Rf5 Rh6+ 37. Kg3 Ne5 38. Rd1 Rg6+ 39. Kf2 Ng4+ 40.
Ke2 Ne5 41. Kf2 Nd7 42. Rh5 Rg7 43. Rh6 Rf7 44. Kf3 Rg7 45. Kf4 Kc8 46. g4 Rf7
47. Rdh1 Nf8 48. Kf5 Kc7 49. Rxf6 Rxf6+ 50. Kxf6 Ng6 51. Rxh7+ 1-0

[Event "SR 2. liga A 2011/2012"]
[Site "?"]
[Date "2011.12.04"]
[Round "6.6"]
[White "Machalova, Veronika"]
[Black "Takacs, Laszlo"]
[Result "0-1"]
[WhiteElo "2209"]
[BlackElo "1976"]
[PlyCount "94"]
[EventDate "2011.??.??"]
[WhiteTeam "Slovakia"]
[BlackTeam "Slovakia"]
[WhiteTeamCountry "SVK"]
[BlackTeamCountry "SVK"]

1. e4 c5 2. Nf3 e6 3. d3 Nc6 4. c3 d5 5. Nbd2 Bd6 6. g3 Nf6 7. Qe2 dxe4 8. dxe4
Be7 9. Bg2 O-O 10. O-O Nd7 11. Rd1 Qc7 12. Nf1 a6 13. h4 b5 14. Bf4 e5 15. Bc1
Nf6 16. Ne3 Bd6 17. Nd5 Nxd5 18. exd5 Na5 19. Qc2 f6 20. b3 Bg4 21. c4 Nb7 22.
Re1 Rae8 23. Nh2 Bc8 24. cxb5 axb5 25. a4 b4 26. Nf1 f5 27. Nd2 Na5 28. Bb2 h6
29. Qd1 Qf7 30. Nc4 Nxc4 31. bxc4 f4 32. a5 fxg3 33. fxg3 Qf2+ 34. Kh1 Qxb2 35.
a6 Rf2 36. Rg1 Bh3 37. Rb1 Qa2 38. Ra1 Bxg2+ 39. Rxg2 Rxg2 40. Rxa2 Rxa2 41.
Qb1 Rxa6 42. Kg2 Rb8 43. g4 b3 44. g5 hxg5 45. hxg5 Be7 46. g6 b2 47. Qf5 b1=Q
0-1

[Event "SR 2. liga A 2011/2012"]
[Site "?"]
[Date "2011.10.08"]
[Round "6.6"]
[White "Prikler, Bruno"]
[Black "Kuna, Vladimir"]
[Result "0-1"]
[WhiteElo "2037"]
[BlackElo "2028"]
[PlyCount "63"]
[EventDate "2011.??.??"]
[WhiteTeam "Slovakia"]
[BlackTeam "Slovakia"]
[WhiteTeamCountry "SVK"]
[BlackTeamCountry "SVK"]

1. g3 d5 2. Bg2 Nf6 3. d3 c6 4. Nd2 g6 5. e3 Bg7 6. Ne2 O-O 7. O-O Qc7 8. Rb1
b6 9. b4 Bb7 10. Bb2 Nbd7 11. c4 dxc4 12. Nxc4 c5 13. Bxb7 Qxb7 14. bxc5 Nxc5
15. d4 Nce4 16. Qb3 Ng5 17. f3 Nxf3+ 18. Rxf3 Qxf3 19. Nf4 Rac8 20. Ne5 Qe4 21.
Rc1 Rxc1+ 22. Bxc1 e6 23. Nxe6 fxe6 24. Qxe6+ Kh8 25. Nf7+ Rxf7 26. Qxf7 Qc2
27. Ba3 Qb1+ 28. Kg2 Qe4+ 29. Kh3 Qg4+ 30. Kg2 Qe2+ 31. Kh3 Qf1+ 32. Kh4 0-1

[Event "SR 2. liga A 2011/2012"]
[Site "?"]
[Date "2011.10.08"]
[Round "6.7"]
[White "Klimes, Milan"]
[Black "Hricak, Vasil"]
[Result "0-1"]
[WhiteElo "1893"]
[BlackElo "1978"]
[PlyCount "127"]
[EventDate "2011.??.??"]
[WhiteTeam "Slovakia"]
[BlackTeam "Slovakia"]
[WhiteTeamCountry "SVK"]
[BlackTeamCountry "SVK"]

1. c4 e5 2. Nc3 f5 3. d3 Nf6 4. Bg5 Be7 5. g3 h6 6. Bxf6 Bxf6 7. Bg2 d6 8. e3
O-O 9. Nge2 c6 10. O-O Na6 11. Rb1 Nc7 12. a4 a5 13. d4 Na6 14. Qd2 Nb4 15.
Rbd1 e4 16. Nc1 b6 17. f3 d5 18. fxe4 fxe4 19. Qe2 Be6 20. cxd5 cxd5 21. Rf2
Qd7 22. Rdf1 Bg4 23. Qb5 Bg5 24. Qxd7 Bxd7 25. Rxf8+ Rxf8 26. Rxf8+ Kxf8 27.
Kf2 Ke7 28. b3 Kd6 29. Bf1 Nc2 30. Nd1 Bg4 31. Be2 Bd7 32. Na2 g6 33. h4 Bf6
34. h5 gxh5 35. Bxh5 Bg5 36. Be2 Be8 37. Bg4 Bc6 38. Bh5 Bd7 39. Be2 Be8 40.
Bg4 b5 41. axb5 Bxb5 42. Bh5 Bc6 43. Be2 Kc7 44. Bh5 Kb6 45. Bf7 Kc7 46. Bh5
Na1 47. Nc1 Kb6 48. Be2 Be7 49. Nc3 Ba3 50. N3a2 Nc2 51. Bd1 Nb4 52. Nxb4 Bxb4
53. Ne2 Be7 54. Nf4 Kb5 55. Ne6 Kb4 56. Ng7 Kc3 57. Ne6 Kd2 58. Be2 Kc3 59. Bd1
Bb7 60. Nc7 Kd2 61. Be2 Bg5 62. Bh5 Bxe3+ 63. Kg2 Bxd4 64. Bf7 0-1

[Event "SR 2. liga A 2011/2012"]
[Site "?"]
[Date "2011.10.09"]
[Round "7.1"]
[White "Frindt, Kornel"]
[Black "Pagerka, Martin"]
[Result "0-1"]
[WhiteElo "2223"]
[BlackElo "2200"]
[PlyCount "80"]
[EventDate "2011.??.??"]
[WhiteTeam "Slovakia"]
[BlackTeam "Slovakia"]
[WhiteTeamCountry "SVK"]
[BlackTeamCountry "SVK"]

1. e4 c5 2. Nf3 e6 3. d4 cxd4 4. Nxd4 Nf6 5. Nc3 d6 6. Be3 Be7 7. g4 h6 8. Bg2
Nc6 9. h3 Nxd4 10. Qxd4 e5 11. Qd2 Be6 12. Nd5 Bxd5 13. exd5 Nd7 14. O-O-O Bg5
15. Kb1 Rc8 16. Be4 Rc4 17. Bf5 g6 18. Bxd7+ Qxd7 19. Qe2 Ra4 20. b3 Bxe3 21.
bxa4 Bc5 22. Qb5 Qxb5+ 23. axb5 Bxf2 24. Rd3 e4 25. Rc3 Bc5 26. Rf1 Rf8 27. Rf4
f5 28. Kc1 Ke7 29. Kd1 Kf6 30. Rc4 Re8 31. gxf5 gxf5 32. Rxc5 dxc5 33. c4 Rg8
34. Rf2 Ke5 35. Rd2 e3 36. Rd3 Ke4 37. Ra3 f4 38. Rxa7 f3 39. Rxb7 Kd3 40. Kc1
Kc3 0-1

[Event "SR 2. liga A 2011/2012"]
[Site "?"]
[Date "2011.10.09"]
[Round "7.2"]
[White "Bury, Rastislav"]
[Black "Todor, Razvan"]
[Result "1/2-1/2"]
[WhiteElo "2173"]
[BlackElo "2201"]
[PlyCount "53"]
[EventDate "2011.??.??"]
[WhiteTeam "Slovakia"]
[BlackTeam "Slovakia"]
[WhiteTeamCountry "SVK"]
[BlackTeamCountry "SVK"]

1. Nf3 c5 2. g3 Nc6 3. d4 cxd4 4. Nxd4 g6 5. Bg2 Bg7 6. c3 Qb6 7. Nb3 d6 8. Be3
Qc7 9. Na3 Bd7 10. O-O Nf6 11. Qd2 Ng4 12. Bf4 Qc8 13. h3 Nge5 14. Bh6 Bxh6 15.
Qxh6 f6 16. Kh2 Nf7 17. Qd2 O-O 18. Rad1 Rb8 19. Qe3 Re8 20. Nd4 a6 21. Nac2
Nce5 22. Nb4 Nc4 23. Qc1 e5 24. Ndc2 b5 25. Nd5 Kg7 26. Nce3 Be6 27. b3 1/2-1/2

[Event "SR 2. liga A 2011/2012"]
[Site "?"]
[Date "2011.10.09"]
[Round "7.4"]
[White "Jozefek, Michal"]
[Black "Krajnak, Robert"]
[Result "0-1"]
[WhiteElo "1910"]
[BlackElo "2094"]
[PlyCount "94"]
[EventDate "2011.??.??"]
[WhiteTeam "Slovakia"]
[BlackTeam "Slovakia"]
[WhiteTeamCountry "SVK"]
[BlackTeamCountry "SVK"]

1. d4 Nf6 2. c4 e6 3. Nf3 b6 4. g3 Ba6 5. Nbd2 c5 6. Bg2 Bb7 7. e4 cxd4 8. O-O
d6 9. Nxd4 a6 10. Re1 Qc7 11. a4 Be7 12. a5 Nbd7 13. N2b3 Rc8 14. axb6 Nxb6 15.
Na5 Ba8 16. b3 O-O 17. Bb2 Nbd7 18. Qc2 Rfe8 19. h3 Bf8 20. Bc3 d5 21. exd5
exd5 22. Rxe8 Rxe8 23. Bd2 Ne4 24. Be3 Ndf6 25. cxd5 Qxc2 26. Nxc2 Nxd5 27. Nc4
Nxe3 28. N2xe3 Bb7 29. Na5 Ba8 30. Bf1 Nxg3 31. Bxa6 Ne4 32. Nac4 Bc6 33. Na5
Bd7 34. Bf1 Ng5 35. Rb1 Re4 36. Bg2 Nxh3+ 37. Bxh3 Bxh3 38. Nac4 Be6 39. Ra1 g6
40. Ra8 Kg7 41. Kg2 h5 42. Rd8 Be7 43. Rd1 Bc5 44. Kf3 Rh4 45. Rc1 Bb4 46. Kg3
Rd4 47. Nc2 Rd3+ 0-1

[Event "SR 2. liga A 2011/2012"]
[Site "?"]
[Date "2011.10.09"]
[Round "7.5"]
[White "Magyar, Frantisek"]
[Black "Spacek, Oliver"]
[Result "0-1"]
[WhiteElo "2019"]
[BlackElo "1907"]
[PlyCount "56"]
[EventDate "2011.??.??"]
[WhiteTeam "Slovakia"]
[BlackTeam "Slovakia"]
[WhiteTeamCountry "SVK"]
[BlackTeamCountry "SVK"]

1. d4 Nf6 2. c4 g6 3. Nc3 Bg7 4. e4 d6 5. Nf3 O-O 6. Be2 e5 7. O-O Nc6 8. d5
Ne7 9. b4 a5 10. bxa5 Rxa5 11. a4 Nh5 12. Nd2 Nf4 13. Nb3 Ra8 14. Ba3 f5 15. f3
Nxe2+ 16. Qxe2 f4 17. a5 g5 18. h3 h5 19. c5 Rf6 20. Nb5 Rg6 21. Rac1 g4 22.
hxg4 hxg4 23. Kf2 Nf5 24. Qd3 Qh4+ 25. Ke2 gxf3+ 26. Qxf3 Ng3+ 27. Kd2 Bg4 28.
Nxc7 Bxf3 0-1

[Event "SR 2. liga A 2011/2012"]
[Site "?"]
[Date "2011.10.09"]
[Round "7.6"]
[White "Spacek, Marcel"]
[Black "Goga, Frantisek"]
[Result "1-0"]
[WhiteElo "1818"]
[BlackElo "1989"]
[PlyCount "119"]
[EventDate "2011.??.??"]
[WhiteTeam "Slovakia"]
[BlackTeam "Slovakia"]
[WhiteTeamCountry "SVK"]
[BlackTeamCountry "SVK"]

1. d4 Nf6 2. c4 g6 3. Nc3 Bg7 4. e4 d6 5. f3 O-O 6. Be3 e5 7. d5 c5 8. Nge2 a6
9. g4 Bxg4 10. fxg4 Nxg4 11. Qd2 Qh4+ 12. Ng3 f5 13. Bg5 Bh6 14. Bxh4 Bxd2+ 15.
Kxd2 f4 16. Nge2 Nd7 17. Bh3 Ndf6 18. Bxf6 Nxf6 19. Ng1 b5 20. Kd3 bxc4+ 21.
Kc2 g5 22. Be6+ Kh8 23. h3 Ra7 24. Nf3 Rg7 25. Rag1 h6 26. Rg2 Nh5 27. Ne2 Nf6
28. Bf5 Nxd5 29. exd5 Rxf5 30. Nc3 e4 31. Nxe4 Rxd5 32. Rd1 Rxd1 33. Kxd1 Re7
34. Nfd2 d5 35. Nf6 Re3 36. h4 Re5 37. Ng4 Re6 38. Rh2 Kg7 39. Nf3 gxh4 40.
Nxh4 h5 41. Nf2 Kf6 42. Rg2 Re3 43. Rg6+ Kf7 44. Rxa6 c3 45. bxc3 Rxc3 46. Kd2
Rg3 47. Nf5 Rg5 48. Nd6+ Ke7 49. Nb5 c4 50. a4 h4 51. a5 h3 52. Nxh3 Rg2+ 53.
Ke1 Rb2 54. Rb6 Rb1+ 55. Ke2 Rb2+ 56. Kf1 Rb1+ 57. Kg2 Rb2+ 58. Nf2 c3 59. Nxc3
Ra2 60. Nxa2 1-0